[Event "I Open Patrimonio de la Humanidad"]
[Site "Alcala de Henares ESP"]
[Date "2006.10.07"]
[Round "1.2"]
[White "Perez Pascual, Arturo"]
[Black "Moradiabadi, Elshan"]
[Result "0-1"]
[WhiteElo "2015"]
[BlackElo "2539"]
[PlyCount "52"]
[EventDate "2006.10.07"]
[EventType "swiss"]
[EventRounds "9"]
[EventCountry "ESP"]
[Source "lmi"]
[SourceDate "2006.10.07"]

1. e4 c5 2. Nf3 e6 3. d4 cxd4 4. Nxd4 a6 5. Be2 Nf6 6. Nc3 Qc7 7. O-O Nc6 8.
Kh1 b5 9. f4 b4 10. e5 bxc3 11. exf6 gxf6 12. Nxc6 Qxc6 13. Qe1 Bb4 14. Qh4 Be7
15. f5 Bb7 16. Bf3 Qb5 17. Be3 cxb2 18. Rab1 Bxf3 19. Rxf3 Rc8 20. a4 Qe2 21.
Qf2 Rxc2 22. Qxe2 Rxe2 23. Bd4 O-O 24. Rb3 Rc8 25. Bxb2 e5 26. h3 d5 0-1

[Event "I Open Patrimonio de la Humanidad"]
[Site "Alcala de Henares ESP"]
[Date "2006.10.07"]
[Round "1.3"]
[White "Kasparov, Sergey"]
[Black "Suarez Prieto, Leopoldo"]
[Result "1-0"]
[WhiteElo "2529"]
[BlackElo "1999"]
[PlyCount "31"]
[EventDate "2006.10.07"]
[EventType "swiss"]
[EventRounds "9"]
[EventCountry "ESP"]
[Source "lmi"]
[SourceDate "2006.10.07"]

1. e4 e5 2. Nf3 f5 3. d4 fxe4 4. Nxe5 d6 5. Qh5+ g6 6. Nxg6 Nf6 7. Qh4 Rg8 8.
Nxf8 Rxf8 9. Bg5 d5 10. Be2 Bf5 11. O-O c6 12. f3 Nbd7 13. fxe4 Bxe4 14. Nd2
Qb6 15. Nxe4 Qxd4+ 16. Nf2 1-0

[Event "I Open Patrimonio de la Humanidad"]
[Site "Alcala de Henares ESP"]
[Date "2006.10.07"]
[Round "1.4"]
[White "Sanchez Millan, Eduardo"]
[Black "Hernandez, Holden"]
[Result "0-1"]
[WhiteElo "1985"]
[BlackElo "2524"]
[PlyCount "54"]
[EventDate "2006.10.07"]
[EventType "swiss"]
[EventRounds "9"]
[EventCountry "ESP"]
[Source "lmi"]
[SourceDate "2006.10.07"]

1. d4 Nf6 2. c4 e6 3. Nc3 Bb4 4. Bd2 O-O 5. Nf3 d5 6. e3 b6 7. Be2 Bb7 8. O-O
Be7 9. cxd5 exd5 10. Ne5 c5 11. f4 Nc6 12. Be1 cxd4 13. exd4 Nxd4 14. Bd3 Ne4
15. Qh5 g6 16. Qh3 Qc8 17. g4 Bc5 18. Kg2 Ne6 19. Bxe4 dxe4 20. Rd1 e3+ 21. Kg3
Bd4 22. Ne2 Nxf4 23. Kxf4 Bxe5+ 24. Kxe5 Re8+ 25. Kf4 Qc7+ 26. Kg5 Re5+ 27. Rf5
f6+ 0-1

[Event "I Open Patrimonio de la Humanidad"]
[Site "Alcala de Henares ESP"]
[Date "2006.10.07"]
[Round "1.8"]
[White "Reves Balleste, Jose"]
[Black "Pogorelov, Ruslan"]
[Result "0-1"]
[WhiteElo "1973"]
[BlackElo "2462"]
[PlyCount "55"]
[EventDate "2006.10.07"]
[EventType "swiss"]
[EventRounds "9"]
[EventCountry "ESP"]
[Source "lmi"]
[SourceDate "2006.10.07"]

1. e4 c5 2. Nf3 Nc6 3. d4 cxd4 4. Nxd4 Qc7 5. Nc3 e6 6. a3 a6 7. Be3 Nf6 8. Be2
Be7 9. Qd2 O-O 10. O-O d6 11. f4 Bd7 12. Nb3 b5 13. Rad1 Rfd8 14. Qe1 Be8 15.
Qf2 Rab8 16. Bf3 Nd7 17. Ne2 Nb6 18. c3 Nc4 19. Bc1 a5 20. Ned4 b4 21. axb4
axb4 22. cxb4 Nxb4 23. Na1 Qa7 24. b3 Qxa1 25. bxc4 Qa2 26. Qxa2 Nxa2 27. Nxe6
fxe6 28. Be3 0-1

[Event "I Open Patrimonio de la Humanidad"]
[Site "Alcala de Henares ESP"]
[Date "2006.10.07"]
[Round "1.9"]
[White "Martinez Martin, David"]
[Black "Toranzo Fernandez, Dionisio"]
[Result "1-0"]
[WhiteElo "2415"]
[BlackElo "1989"]
[PlyCount "73"]
[EventDate "2006.10.07"]
[EventType "swiss"]
[EventRounds "9"]
[EventCountry "ESP"]
[Source "lmi"]
[SourceDate "2006.10.07"]

1. d4 Nf6 2. c4 e6 3. Nc3 Bb4 4. e3 c5 5. Nge2 d5 6. cxd5 Nxd5 7. a3 Ba5 8.
dxc5 Nxc3 9. Qxd8+ Kxd8 10. Bd2 Nd7 11. Nxc3 Nxc5 12. Bc4 Bc7 13. b4 Nd7 14.
Rc1 Ke7 15. Be2 a6 16. Nd5+ exd5 17. Rxc7 Kd6 18. Rc1 b6 19. O-O Bb7 20. Rfd1
Rhc8 21. Bc3 g6 22. e4 Ke6 23. Bg4+ Kd6 24. exd5 f5 25. Be2 b5 26. f4 Bxd5 27.
Bf3 Nb6 28. Rd3 Ke6 29. Rxd5 Nxd5 30. Re1+ Kd6 31. Be5+ Kc6 32. Rc1+ Kd7 33.
Rd1 Ra7 34. Rxd5+ Ke6 35. Rd6+ Ke7 36. h4 a5 37. Rb6 1-0

[Event "I Open Patrimonio de la Humanidad"]
[Site "Alcala de Henares ESP"]
[Date "2006.10.07"]
[Round "1.10"]
[White "Alvarez Escudero, Manuel"]
[Black "Candela Perez, Jose"]
[Result "0-1"]
[WhiteElo "1958"]
[BlackElo "2406"]
[PlyCount "42"]
[EventDate "2006.10.07"]
[EventType "swiss"]
[EventRounds "9"]
[EventCountry "ESP"]
[Source "lmi"]
[SourceDate "2006.10.07"]

1. e4 e5 2. Nf3 Nc6 3. Bb5 f5 4. d3 fxe4 5. dxe4 Nf6 6. Bg5 h6 7. Bh4 Bc5 8.
O-O d6 9. Nc3 g5 10. Bg3 Bg4 11. Qd3 O-O 12. h4 Nh5 13. Nh2 gxh4 14. Bxc6 bxc6
15. Nxg4 hxg3 16. Nxh6+ Kg7 17. Nf5+ Rxf5 18. exf5 Qh4 19. Rfd1 Nf4 20. Qf3
Qh2+ 21. Kf1 Qh1# 0-1

[Event "I Open Patrimonio de la Humanidad"]
[Site "Alcala de Henares ESP"]
[Date "2006.10.07"]
[Round "1.11"]
[White "Rojo Huerta, Gabriel"]
[Black "Carrasco Martinez, Ivan"]
[Result "1-0"]
[WhiteElo "2387"]
[BlackElo "1959"]
[PlyCount "77"]
[EventDate "2006.10.07"]
[EventType "swiss"]
[EventRounds "9"]
[EventCountry "ESP"]
[Source "lmi"]
[SourceDate "2006.10.07"]

1. d4 Nf6 2. Nf3 g6 3. c4 d5 4. cxd5 Nxd5 5. e4 Nb6 6. h3 Bg7 7. Nc3 O-O 8. Be3
Nc6 9. Rc1 a6 10. Be2 e5 11. d5 Nb8 12. O-O N8d7 13. a4 Nf6 14. Qb3 Nbd7 15.
Nd2 b5 16. axb5 axb5 17. Nxb5 Ba6 18. Rfe1 Rb8 19. Qa4 Bxb5 20. Bxb5 Nb6 21.
Qa5 Nfxd5 22. exd5 Nxd5 23. Bf1 Nxe3 24. Rxe3 Rxb2 25. Nc4 Rb8 26. Nxe5 Bh6 27.
Rd3 Bxc1 28. Rxd8 Rbxd8 29. Qxc7 Rd1 30. g3 Ba3 31. Qc3 Be7 32. Ng4 h5 33. Ne3
Rb1 34. Nd5 Bg5 35. h4 Bd8 36. Kg2 Rd1 37. Bc4 Rb1 38. Nf6+ Bxf6 39. Qxf6 1-0

[Event "I Open Patrimonio de la Humanidad"]
[Site "Alcala de Henares ESP"]
[Date "2006.10.07"]
[Round "1.12"]
[White "Santos Ortigosa, Joaquin"]
[Black "Serrano Salvador, Eduardo"]
[Result "0-1"]
[WhiteElo "1916"]
[BlackElo "2362"]
[PlyCount "36"]
[EventDate "2006.10.07"]
[EventType "swiss"]
[EventRounds "9"]
[EventCountry "ESP"]
[Source "lmi"]
[SourceDate "2006.10.07"]

1. e4 c5 2. Nf3 Nc6 3. c3 d5 4. exd5 Qxd5 5. d4 Nf6 6. c4 Qe4+ 7. Be3 cxd4 8.
Nxd4 Nxd4 9. Qxd4 e5 10. Qc3 Nd5 11. Qb3 Bb4+ 12. Nd2 Nxe3 13. Qxe3 Qxe3+ 14.
fxe3 Bf5 15. O-O-O O-O-O 16. Nf3 Rxd1+ 17. Kxd1 Rd8+ 18. Kc1 Bc5 0-1

[Event "I Open Patrimonio de la Humanidad"]
[Site "Alcala de Henares ESP"]
[Date "2006.10.07"]
[Round "1.15"]
[White "Perez Gonzalez, Jose Manuel"]
[Black "Galan Aguado, Fernando"]
[Result "1-0"]
[WhiteElo "2339"]
[BlackElo "1880"]
[PlyCount "67"]
[EventDate "2006.10.07"]
[EventType "swiss"]
[EventRounds "9"]
[EventCountry "ESP"]
[Source "lmi"]
[SourceDate "2006.10.07"]

1. e4 e6 2. d4 d5 3. e5 c5 4. c3 Nc6 5. Nf3 Qb6 6. a3 a5 7. b3 Be7 8. Bd3 Bd7
9. Be3 cxd4 10. cxd4 f6 11. exf6 Nxf6 12. O-O O-O 13. Nc3 Be8 14. Ng5 Nd8 15.
Qc2 h6 16. Nf3 Nd7 17. Na4 Qa7 18. Qd2 Nf7 19. Rfc1 Nf6 20. Nc5 Nd8 21. Ne5 Qb8
22. Bb1 Bd6 23. f4 b6 24. Na4 Ra7 25. Nc3 Bxe5 26. dxe5 Ng4 27. Bd4 h5 28. Ne2
Nc6 29. Qd3 g6 30. Rxc6 Qd8 31. Rxe6 Qh4 32. Qg3 Qxg3 33. hxg3 Bf7 34. Rxb6 1-0

[Event "I Open Patrimonio de la Humanidad"]
[Site "Alcala de Henares ESP"]
[Date "2006.10.08"]
[Round "2.1"]
[White "Blanco Sanchez, Jose Fernando"]
[Black "Mirzoev, Azer"]
[Result "0-1"]
[WhiteElo "2167"]
[BlackElo "2543"]
[PlyCount "128"]
[EventDate "2006.10.07"]
[EventType "swiss"]
[EventRounds "9"]
[EventCountry "ESP"]
[Source "lmi"]
[SourceDate "2006.10.07"]

1. e4 c5 2. Nc3 Nc6 3. d3 g6 4. g3 Bg7 5. Bg2 e6 6. Be3 d6 7. Qd2 Nd4 8. Nd1
Ne7 9. c3 Ndc6 10. Bh6 O-O 11. h4 f6 12. Nh3 e5 13. Be3 Be6 14. O-O Qd7 15. Kh2
b6 16. c4 Nd4 17. Nc3 Bxh3 18. Bxh3 Nf3+ 19. Kg2 Nxd2 20. Bxd7 Nxf1 21. Be6+
Kh8 22. Kxf1 h5 23. Ke2 Kh7 24. Nd5 Nxd5 25. Bxd5 Rab8 26. a4 Bh6 27. f3 Bxe3
28. Kxe3 f5 29. f4 Kh6 30. b3 Kg7 31. Ra2 Kf6 32. Ra1 Ke7 33. Ra2 a6 34. Ra1
Rf6 35. Ra2 Kd7 36. Ra1 Ke7 37. Ra2 Rff8 38. Ra1 Kf6 39. Ra2 Rfc8 40. Ra1 Rc7
41. Ra2 fxe4 42. dxe4 Ke7 43. Ra1 exf4+ 44. gxf4 b5 45. axb5 axb5 46. cxb5 Rxb5
47. Ra8 Rcb7 48. Ra3 Rc7 49. Ra8 Rb6 50. f5 gxf5 51. Rh8 Kf6 52. Rf8+ Kg6 53.
exf5+ Kg7 54. Rg8+ Kf6 55. Rf8+ Ke5 56. Bc4 Rcb7 57. Re8+ Kxf5 58. Rf8+ Kg4 59.
Rf4+ Kg3 60. Rf3+ Kxh4 61. Ke4 Kg5 62. Rf5+ Kg6 63. Rd5 Kh6 64. Kf5 Rg7 0-1

[Event "I Open Patrimonio de la Humanidad"]
[Site "Alcala de Henares ESP"]
[Date "2006.10.08"]
[Round "2.2"]
[White "Moradiabadi, Elshan"]
[Black "Moreto Quintana, Alex"]
[Result "1-0"]
[WhiteElo "2539"]
[BlackElo "2162"]
[PlyCount "65"]
[EventDate "2006.10.07"]
[EventType "swiss"]
[EventRounds "9"]
[EventCountry "ESP"]
[Source "lmi"]
[SourceDate "2006.10.07"]

1. d4 e6 2. Nf3 f5 3. c4 Nf6 4. Nc3 d5 5. Bf4 c6 6. e3 Be7 7. Bd3 O-O 8. Qc2 b6
9. O-O Ba6 10. Ne5 Nh5 11. cxd5 Bxd3 12. Nxd3 exd5 13. Ne2 Nxf4 14. Nexf4 Rf6
15. Ne5 Qe8 16. Rac1 g5 17. Ne2 Bd6 18. f4 gxf4 19. exf4 c5 20. Ng3 Qc8 21. Qb3
c4 22. Nh5 Bxe5 23. fxe5 Rh6 24. Qg3+ Rg6 25. Qf3 Qd8 26. Nf4 Nc6 27. Nxg6 hxg6
28. Qg3 Kh7 29. Rf4 g5 30. Rxf5 Nxd4 31. Rf2 Ne6 32. Rcf1 Nf4 33. Rxf4 1-0

[Event "I Open Patrimonio de la Humanidad"]
[Site "Alcala de Henares ESP"]
[Date "2006.10.08"]
[Round "2.3"]
[White "Horcajada Reales, Guillermo"]
[Black "Kasparov, Sergey"]
[Result "0-1"]
[WhiteElo "2159"]
[BlackElo "2529"]
[PlyCount "116"]
[EventDate "2006.10.07"]
[EventType "swiss"]
[EventRounds "9"]
[EventCountry "ESP"]
[Source "lmi"]
[SourceDate "2006.10.07"]

1. e4 c6 2. d4 d5 3. Nc3 dxe4 4. Nxe4 Bf5 5. Ng3 Bg6 6. N1e2 e6 7. Nf4 Qh4 8.
c3 Nd7 9. Qf3 Ngf6 10. Bd2 Bd6 11. O-O-O O-O-O 12. Nxg6 hxg6 13. Bc4 Bc7 14. h3
Rhf8 15. Rhe1 Nb6 16. Bb3 Nbd5 17. c4 Nb6 18. Bb4 Rfe8 19. Bc3 Qf4+ 20. Qxf4
Bxf4+ 21. Kb1 Bc7 22. Ne4 Nxe4 23. Rxe4 Nd7 24. Re2 Nf6 25. a4 Re7 26. a5 Red7
27. Ba4 a6 28. b4 Bb8 29. Bc2 Ba7 30. Red2 Ne8 31. Kb2 Nd6 32. Kb3 Nf5 33. Bxf5
gxf5 34. Kc2 g6 35. Rd3 e5 36. dxe5 Rxd3 37. Rxd3 Rxd3 38. Kxd3 Bxf2 39. Bd4
Bg3 40. Ke3 Kd7 41. Kf3 Be1 42. Bc5 Ke6 43. g4 Kxe5 44. gxf5 Kxf5 45. Ke2 Bc3
46. Kf3 Ke5 47. Ke3 f5 48. Kd3 Be1 49. Ke2 Bh4 50. Ke3 Bg5+ 51. Kf3 Bh6 52. Bf2
Bf8 53. c5 Bh6 54. Be1 Kd4 55. h4 Kd3 56. Kf2 Ke4 57. Ke2 Bg7 58. Kf2 Kf4 0-1

[Event "I Open Patrimonio de la Humanidad"]
[Site "Alcala de Henares ESP"]
[Date "2006.10.08"]
[Round "2.8"]
[White "Paniagua Tineo, Arturo"]
[Black "Martinez Martin, David"]
[Result "0-1"]
[WhiteElo "2041"]
[BlackElo "2415"]
[PlyCount "70"]
[EventDate "2006.10.07"]
[EventType "swiss"]
[EventRounds "9"]
[EventCountry "ESP"]
[Source "lmi"]
[SourceDate "2006.10.07"]

1. d4 Nf6 2. c4 e6 3. Nf3 c5 4. e3 cxd4 5. exd4 d5 6. Bg5 Be7 7. Nc3 O-O 8. c5
Nc6 9. Bd3 b6 10. Bb5 Bd7 11. Bxc6 Bxc6 12. b4 bxc5 13. bxc5 Ne4 14. Bxe7 Qxe7
15. Ne5 Nxc3 16. Nxc6 Qg5 17. Qf3 Ne4 18. Rd1 f5 19. h4 Qh6 20. g3 Rf7 21. Qf4
g5 22. Qe5 Rc8 23. Na5 f4 24. gxf4 Rf5 25. fxg5 Qg6 26. h5 Qe8 27. Qh2 Rxf2 28.
Qh3 e5 29. Rf1 Rxa2 30. dxe5 Rxa5 31. Rxd5 Ra1+ 32. Ke2 Rxf1 33. Kxf1 Qf7+ 34.
Ke2 Rb8 35. Rd7 Rb2+ 0-1

[Event "I Open Patrimonio de la Humanidad"]
[Site "Alcala de Henares ESP"]
[Date "2006.10.08"]
[Round "2.9"]
[White "Candela Perez, Jose"]
[Black "Sanchez Gonzalez, Sergio"]
[Result "1-0"]
[WhiteElo "2406"]
[BlackElo "2080"]
[PlyCount "79"]
[EventDate "2006.10.07"]
[EventType "swiss"]
[EventRounds "9"]
[EventCountry "ESP"]
[Source "lmi"]
[SourceDate "2006.10.07"]

1. d4 Nf6 2. c4 e6 3. Nc3 Bb4 4. Qb3 c5 5. dxc5 Nc6 6. Nf3 O-O 7. a3 Bxc5 8.
Bf4 d5 9. Rd1 d4 10. Qb5 Nd7 11. Ne4 a6 12. Qa4 e5 13. Bc1 Be7 14. e3 f5 15.
Ng3 Nc5 16. Qc2 a5 17. exd4 exd4 18. Bd3 Nxd3+ 19. Qxd3 f4 20. Ne4 Bg4 21. O-O
Bxf3 22. Qxf3 Ne5 23. Qh3 Ra6 24. Qb3 Rb6 25. Qa2 Rg6 26. f3 Qd7 27. c5+ Kh8
28. b4 axb4 29. axb4 d3 30. Bb2 Nxf3+ 31. Rxf3 Qg4 32. Bxg7+ Rxg7 33. Rdxd3 Re8
34. h3 Qg6 35. Rxf4 Bf8 36. Rdf3 Be7 37. Rg4 Qh6 38. Qb2 Bf8 39. Kh1 Rd8 40.
Rf6 1-0

[Event "I Open Patrimonio de la Humanidad"]
[Site "Alcala de Henares ESP"]
[Date "2006.10.08"]
[Round "2.12"]
[White "Sanchez Delgado, Lidia"]
[Black "Perez Gonzalez, Jose Manuel"]
[Result "0-1"]
[WhiteElo "2030"]
[BlackElo "2339"]
[PlyCount "24"]
[EventDate "2006.10.07"]
[EventType "swiss"]
[EventRounds "9"]
[EventCountry "ESP"]
[Source "lmi"]
[SourceDate "2006.10.07"]

1. e4 d6 2. d4 Nf6 3. Nc3 g6 4. f4 Bg7 5. Nf3 c5 6. e5 Nfd7 7. Bc4 cxd4 8. Ng5
O-O 9. Nxf7 Rxf7 10. e6 dxc3 11. exf7+ Kf8 12. bxc3 Qc7 0-1

[Event "I Open Patrimonio de la Humanidad"]
[Site "Alcala de Henares ESP"]
[Date "2006.10.08"]
[Round "2.13"]
[White "Marin, Sebastian"]
[Black "Garcia Chacon, David"]
[Result "1-0"]
[WhiteElo "2339"]
[BlackElo "2040"]
[PlyCount "61"]
[EventDate "2006.10.07"]
[EventType "swiss"]
[EventRounds "9"]
[EventCountry "ESP"]
[Source "lmi"]
[SourceDate "2006.10.07"]

1. e4 e6 2. d4 d5 3. Nc3 dxe4 4. Nxe4 Nf6 5. Nxf6+ Qxf6 6. Nf3 Qd8 7. Bd3 Be7
8. Qe2 c6 9. Bd2 Nd7 10. O-O-O Nf6 11. g4 Qc7 12. g5 Nd5 13. Ne5 Bd6 14. Rhe1
Bxe5 15. Qxe5 Qxe5 16. Rxe5 b5 17. b3 b4 18. a3 a5 19. Kb2 Bb7 20. Ra1 O-O 21.
Bc4 bxa3+ 22. Rxa3 a4 23. Rxa4 Rxa4 24. bxa4 Ra8 25. a5 Ba6 26. Bxa6 Rxa6 27.
c4 Nc7 28. Re3 c5 29. dxc5 Rc6 30. Rb3 h6 31. Be3 1-0

[Event "I Open Patrimonio de la Humanidad"]
[Site "Alcala de Henares ESP"]
[Date "2006.10.08"]
[Round "2.14"]
[White "Sanchez Garcia, Manuel"]
[Black "Garcia Martinez, Silvino"]
[Result "1/2-1/2"]
[WhiteElo "2030"]
[BlackElo "2316"]
[PlyCount "62"]
[EventDate "2006.10.07"]
[EventType "swiss"]
[EventRounds "9"]
[EventCountry "ESP"]
[Source "lmi"]
[SourceDate "2006.10.07"]

1. d4 Nf6 2. c4 e6 3. Nc3 Bb4 4. Qb3 c5 5. dxc5 Nc6 6. a3 Bxc5 7. Nf3 O-O 8.
Bf4 b6 9. e3 Bb7 10. Be2 Nh5 11. Bg5 Be7 12. Bxe7 Qxe7 13. Qc2 Rac8 14. b4 Nf6
15. Qb3 d5 16. cxd5 exd5 17. O-O Rfd8 18. Rfd1 Ne5 19. Nxe5 Qxe5 20. Nb5 Ne4
21. Rac1 Qf6 22. f3 Nd2 23. Qa2 Nc4 24. Bxc4 dxc4 25. Nxa7 Ra8 26. Rxd8+ Qxd8
27. Nb5 Qe8 28. Qxc4 Rc8 29. Nc7 Qxe3+ 30. Kh1 Qxa3 31. Re1 h6 1/2-1/2

[Event "I Open Patrimonio de la Humanidad"]
[Site "Alcala de Henares ESP"]
[Date "2006.10.08"]
[Round "2.15"]
[White "Bermejo Collado, Julian"]
[Black "Sanchez Rodriguez, Jaime"]
[Result "1-0"]
[WhiteElo "2313"]
[BlackElo "2038"]
[PlyCount "55"]
[EventDate "2006.10.07"]
[EventType "swiss"]
[EventRounds "9"]
[EventCountry "ESP"]
[Source "lmi"]
[SourceDate "2006.10.07"]

1. d4 d5 2. c4 e6 3. Nc3 f5 4. Nf3 Nf6 5. Bf4 Be7 6. e3 O-O 7. Bd3 Ne4 8. Qc2
c6 9. h3 Na6 10. a3 Qa5 11. O-O Qd8 12. Ne2 Nc7 13. Bh2 Ne8 14. b4 g5 15. Ne5
Bd7 16. c5 Ng7 17. a4 Be8 18. b5 Rc8 19. Rab1 b6 20. bxc6 Bxc6 21. Ba6 Rc7 22.
cxb6 axb6 23. Nxc6 Rxc6 24. Qxc6 Nd2 25. Bc7 Qe8 26. Qxe8 Nxe8 27. Bxb6 Nxf1
28. Kxf1 1-0

[Event "I Open Patrimonio de la Humanidad"]
[Site "Alcala de Henares ESP"]
[Date "2006.10.09"]
[Round "3.1"]
[White "Mirzoev, Azer"]
[Black "Serrano Salvador, Eduardo"]
[Result "1-0"]
[WhiteElo "2543"]
[BlackElo "2362"]
[PlyCount "102"]
[EventDate "2006.10.07"]
[EventType "swiss"]
[EventRounds "9"]
[EventCountry "ESP"]
[Source "lmi"]
[SourceDate "2006.10.07"]

1. d4 d5 2. c4 c6 3. Nf3 Nf6 4. e3 e6 5. Bd3 Nbd7 6. O-O Bd6 7. Nc3 O-O 8. b3
Re8 9. Qc2 e5 10. cxd5 cxd5 11. Nb5 Bb8 12. dxe5 Nxe5 13. Nxe5 Bxe5 14. Bb2
Bxb2 15. Qxb2 a6 16. Nd4 Bg4 17. h3 Bh5 18. Rfc1 Bg6 19. Bf1 Qd7 20. b4 Rec8
21. b5 axb5 22. Bxb5 Qe7 23. a4 Ne4 24. Nf3 Bf5 25. Qd4 Be6 26. Qb6 h6 27. Qd4
Rc7 28. Rxc7 Qxc7 29. Qb2 Rc8 30. Nd4 Qc3 31. Rb1 Qxb2 32. Rxb2 Rc1+ 33. Kh2
Nc5 34. g4 Kf8 35. Kg2 Ke7 36. Ra2 g6 37. Ne2 Rb1 38. Rc2 Kd6 39. Nd4 Rb4 40.
Ra2 Bd7 41. Nc2 Rb3 42. Bxd7 Kxd7 43. a5 Rc3 44. Nd4 Rc4 45. Rb2 Ra4 46. Rb5
Kd6 47. h4 Ra2 48. Rb6+ Kd7 49. h5 gxh5 50. gxh5 Rxa5 51. Rxh6 Ra8 1-0

[Event "I Open Patrimonio de la Humanidad"]
[Site "Alcala de Henares ESP"]
[Date "2006.10.09"]
[Round "3.2"]
[White "Rojo Huerta, Gabriel"]
[Black "Moradiabadi, Elshan"]
[Result "0-1"]
[WhiteElo "2387"]
[BlackElo "2539"]
[PlyCount "54"]
[EventDate "2006.10.07"]
[EventType "swiss"]
[EventRounds "9"]
[EventCountry "ESP"]
[Source "lmi"]
[SourceDate "2006.10.07"]

1. d4 d6 2. Nf3 Nf6 3. c4 g6 4. Nc3 Bf5 5. Nh4 Bd7 6. e4 e5 7. Nf3 Nc6 8. d5
Ne7 9. c5 Bg7 10. Qb3 Rb8 11. Be3 b6 12. cxd6 cxd6 13. Qa3 Nc8 14. Ba6 O-O 15.
Bxc8 Bxc8 16. Qxa7 Bg4 17. Nd2 b5 18. a3 Bd7 19. O-O Ng4 20. h3 Nxe3 21. Qxe3
f5 22. b4 f4 23. Qf3 g5 24. Nb3 g4 25. hxg4 Qg5 26. Qd3 f3 27. gxf3 h5 0-1

[Event "I Open Patrimonio de la Humanidad"]
[Site "Alcala de Henares ESP"]
[Date "2006.10.09"]
[Round "3.3"]
[White "Kasparov, Sergey"]
[Black "Marin, Sebastian"]
[Result "1-0"]
[WhiteElo "2529"]
[BlackElo "2339"]
[PlyCount "121"]
[EventDate "2006.10.07"]
[EventType "swiss"]
[EventRounds "9"]
[EventCountry "ESP"]
[Source "lmi"]
[SourceDate "2006.10.07"]

1. e4 c5 2. Nf3 d6 3. Bb5+ Nd7 4. O-O Ngf6 5. Re1 a6 6. Bf1 e5 7. c3 Be7 8. d4
O-O 9. Nbd2 b5 10. a4 Rb8 11. axb5 axb5 12. b3 b4 13. dxe5 bxc3 14. exd6 cxd2
15. dxe7 dxe1=Q 16. exf8=Q+ Nxf8 17. Qxe1 Rxb3 18. Bg5 h6 19. Bh4 Qb6 20. Nd2
Rb4 21. f3 Be6 22. Bf2 Rb2 23. Nc4 Bxc4 24. Bxc4 Qb4 25. Qc1 Ng6 26. Be1 Qb8
27. Bg3 Ne5 28. Bf1 Nfd7 29. Qc3 Rb3 30. Qd2 Qb4 31. Qxb4 Rxb4 32. Rd1 Rd4 33.
Rxd4 cxd4 34. Bb5 d3 35. Kf1 g5 36. Ke1 f6 37. Bxd7 Nxd7 38. Kd2 Kf7 39. Kxd3
Ke6 40. Kd4 Nf8 41. h4 gxh4 42. Bxh4 Ng6 43. Be1 Nf4 44. g3 Ng6 45. g4 Ne5 46.
Ke3 Kf7 47. Bg3 Nc6 48. f4 Nd8 49. Bh4 Ne6 50. f5 Ng7 51. Kf4 Ne8 52. Be1 Nd6
53. Bd2 Nb5 54. Bc1 Nc7 55. Ke3 Nb5 56. Kd3 Kg7 57. Kc4 Nd6+ 58. Kd5 Nf7 59.
Bf4 Nd8 60. Kd6 Nb7+ 61. Ke7 1-0

[Event "I Open Patrimonio de la Humanidad"]
[Site "Alcala de Henares ESP"]
[Date "2006.10.09"]
[Round "3.4"]
[White "Perez Gonzalez, Jose Manuel"]
[Black "Hernandez, Holden"]
[Result "1/2-1/2"]
[WhiteElo "2339"]
[BlackElo "2524"]
[PlyCount "57"]
[EventDate "2006.10.07"]
[EventType "swiss"]
[EventRounds "9"]
[EventCountry "ESP"]
[Source "lmi"]
[SourceDate "2006.10.07"]

1. e4 e5 2. Nf3 Nc6 3. c3 Nf6 4. d4 d5 5. Bb5 Nxe4 6. Nxe5 Bd7 7. Bxc6 bxc6 8.
O-O Be7 9. Nd2 Nxd2 10. Bxd2 O-O 11. Nxd7 Qxd7 12. Bf4 c5 13. dxc5 Bxc5 14. Qd2
Rad8 15. Rfe1 Bb6 16. Re2 c5 17. Rae1 Qb5 18. Re7 d4 19. Be5 Qc6 20. Qg5 Qg6
21. Qxg6 hxg6 22. Bc7 Rd5 23. cxd4 cxd4 24. Bxb6 axb6 25. Kf1 d3 26. Rd1 Rc8
27. Re3 Rc2 28. Rexd3 Rxd3 29. Rxd3 1/2-1/2

[Event "I Open Patrimonio de la Humanidad"]
[Site "Alcala de Henares ESP"]
[Date "2006.10.09"]
[Round "3.7"]
[White "Martinez Martin, David"]
[Black "Sanchez Rojo, Gustavo"]
[Result "1/2-1/2"]
[WhiteElo "2415"]
[BlackElo "2223"]
[PlyCount "111"]
[EventDate "2006.10.07"]
[EventType "swiss"]
[EventRounds "9"]
[EventCountry "ESP"]
[Source "lmi"]
[SourceDate "2006.10.07"]

1. Nf3 Nf6 2. c4 g6 3. g3 Bg7 4. Bg2 d6 5. O-O O-O 6. Nc3 Nbd7 7. Rb1 e5 8. d3
c6 9. Nd2 a5 10. a3 Nc5 11. b4 axb4 12. axb4 Ne6 13. b5 d5 14. bxc6 bxc6 15.
cxd5 cxd5 16. Nc4 dxc4 17. Bxa8 Qa5 18. Bg2 Qxc3 19. Bd2 Qd4 20. Be3 Qd6 21.
dxc4 Nd4 22. Bd2 Qc7 23. e3 Ne6 24. Qa4 Bd7 25. Qa6 Nc5 26. Qb6 Qxb6 27. Rxb6
e4 28. Rfb1 Be6 29. Rc6 Nfd7 30. h4 Bf5 31. Rb5 Nd3 32. Rc7 h5 33. Rxf5 gxf5
34. Rxd7 Rb8 35. c5 Rb1+ 36. Bf1 Ne5 37. Rd8+ Kh7 38. Kg2 Nf3 39. c6 Be5 40.
Bc3 Rc1 41. Bxe5 Nxe5 42. Be2 Rxc6 43. Bxh5 Rc2 44. Rd5 f6 45. Kf1 Kh6 46. Be2
Kg6 47. Ke1 Rb2 48. Rd2 Rb1+ 49. Rd1 Rb2 50. Rc1 Ra2 51. Kd1 Nd3 52. Bxd3 exd3
53. Rc3 Rxf2 54. Rxd3 Rf3 55. Ke2 Rxg3 56. Rd4 1/2-1/2

[Event "I Open Patrimonio de la Humanidad"]
[Site "Alcala de Henares ESP"]
[Date "2006.10.09"]
[Round "3.8"]
[White "Gonzalez Somoza, Oliver"]
[Black "Candela Perez, Jose"]
[Result "1-0"]
[WhiteElo "2294"]
[BlackElo "2406"]
[PlyCount "103"]
[EventDate "2006.10.07"]
[EventType "swiss"]
[EventRounds "9"]
[EventCountry "ESP"]
[Source "lmi"]
[SourceDate "2006.10.07"]

1. d4 Nf6 2. c4 g6 3. Nc3 Bg7 4. e4 d6 5. Nf3 O-O 6. Be3 Na6 7. Be2 e5 8. dxe5
dxe5 9. Qc2 Ng4 10. Bg5 f6 11. Rd1 Qe7 12. Bc1 c6 13. a3 Nc5 14. b4 Ne6 15. h3
Nh6 16. c5 Nf7 17. O-O Kh8 18. Na4 f5 19. Nb2 Nfg5 20. Nxg5 Nxg5 21. exf5 gxf5
22. Bxg5 Qxg5 23. f4 exf4 24. Bf3 Be6 25. Nc4 Rad8 26. Nd6 Rd7 27. b5 cxb5 28.
Nxb7 Rc7 29. c6 Qf6 30. Qc5 Re8 31. Rfe1 Bf8 32. Qxa7 Qc3 33. Kh2 Ree7 34. Qb8
Qg7 35. Nc5 Qg3+ 36. Kh1 Bc8 37. Rf1 Kg8 38. Nd7 Rcxd7 39. cxd7 Bxd7 40. Qb7
Be8 41. Qd5+ Kg7 42. Qxf5 Re3 43. Bh5 f3 44. Rxf3 Re1+ 45. Rxe1 Qxe1+ 46. Rf1
Qe7 47. Bxe8 Qxe8 48. Qf6+ Kg8 49. Rf3 Bg7 50. Qf5 Qe1+ 51. Rf1 Qe8 52. Rb1 1-0